UITU Library & LRC     

Electrical Engineering Fundamentals (Record no. 9811)

MARC details
000 -LEADER
fixed length control field 00480nam a2200181Ia 4500
008 - FIXED-LENGTH DATA ELEMENTS--GENERAL INFORMATION
fixed length control field 240925s9999 xx 000 0 und d
020 ## - INTERNATIONAL STANDARD BOOK NUMBER
International Standard Book Number 831709299
082 ## - DEWEY DECIMAL CLASSIFICATION NUMBER
Classification number 621.3 TOR
100 ## - MAIN ENTRY--PERSONAL NAME
Personal name Toro, Vincent Del
245 #0 - TITLE STATEMENT
Title Electrical Engineering Fundamentals
250 ## - EDITION STATEMENT
Edition statement 2nd
260 ## - PUBLICATION, DISTRIBUTION, ETC.
Place of publication, distribution, etc. New Delhi:
Name of publisher, distributor, etc. Pearson Printice Hall
Date of publication, distribution, etc. ,2007.
300 ## - PHYSICAL DESCRIPTION
Extent xvi,281p.
Other physical details NA
Type of unit Photocopy
500 ## - GENERAL NOTE
General note Includes Index
600 ## - SUBJECT ADDED ENTRY--PERSONAL NAME
Personal name Electrical Engineering
650 ## - SUBJECT ADDED ENTRY--TOPICAL TERM
Topical term or geographic name entry element Technology
942 ## - ADDED ENTRY ELEMENTS (KOHA)
Koha item type Books
Holdings
Withdrawn status Lost status Damaged status Not for loan Collection Home library Current library Date acquired Source of acquisition Cost, normal purchase price Total checkouts Full call number Barcode Date last seen Price effective from Koha item type
        Electrical Engineering UITU Library UITU Library 01/25/2008 Vanguard Books 265.00   621.3 TOR Q7312 09/25/2024 09/25/2024 Books

Powered by Koha